ՀՀ Գիտությունների ազգային ակադեմիայի հիմնարար գիտական գրադարան  =   Fundamental Scientific Library of NAS RA

Формирование оползней, селей и лавин. Инженерная защита территорий / (Record no. 70506)

MARC details
000 -LEADER
fixed length control field 00990nam a22002537a 4500
001 - CONTROL NUMBER
control field 000203508
003 - CONTROL NUMBER IDENTIFIER
control field AM-YeHGA
005 - DATE AND TIME OF LATEST TRANSACTION
control field 20250617124014.0
008 - FIXED-LENGTH DATA ELEMENTS--GENERAL INFORMATION
fixed length control field 980904s1987 ru ||||| |||| 00| 0 rus d
040 ## - CATALOGING SOURCE
Original cataloging agency AM-YeHGA
041 0# - LANGUAGE CODE
Language code of text/sound track or separate title rus
090 ## - LOCALLY ASSIGNED LC-TYPE CALL NUMBER (OCLC); LOCAL CALL NUMBER (RLIN)
-- 71703
245 00 - TITLE STATEMENT
Title Формирование оползней, селей и лавин. Инженерная защита территорий /
Statement of responsibility, etc. [В.С. Федоренко, В.Ф. Перов, Т.Ю. Сидорова и др.] ; Под ред. Г.С. Золотарева и др.
260 0# - PUBLICATION, DISTRIBUTION, ETC.
Place of publication, distribution, etc. Москва :
Name of publisher, distributor, etc. МГУ,
Date of publication, distribution, etc. 1987.
300 ## - PHYSICAL DESCRIPTION
Extent 179,[1] с. :
Other physical details ил. ;
Dimensions 24 см.
650 14 - SUBJECT ADDED ENTRY--TOPICAL TERM
Topical term or geographic name entry element Оползни
650 14 - SUBJECT ADDED ENTRY--TOPICAL TERM
Topical term or geographic name entry element Селевые потоки
650 #4 - SUBJECT ADDED ENTRY--TOPICAL TERM
Topical term or geographic name entry element Снежные лавины
700 1# - ADDED ENTRY--PERSONAL NAME
Personal name Перов, В.Ф.
700 1# - ADDED ENTRY--PERSONAL NAME
Personal name Сидоров, Т.Ю.
700 1# - ADDED ENTRY--PERSONAL NAME
Personal name Золотарев, Георгий Сергеевич
Relationship edt
700 1# - ADDED ENTRY--PERSONAL NAME
Personal name Գրիգորյան, Սամվել Սամվելի,
Dates associated with a name 1929-
Relationship edt
942 ## - ADDED ENTRY ELEMENTS (KOHA)
Source of classification or shelving scheme Universal Decimal Classification
Koha item type Գրքեր / Books
Holdings
Withdrawn status Lost status Source of classification or shelving scheme Damaged status Not for loan Collection Home library Current library Date acquired Total checkouts Full call number Barcode Date last seen Price effective from Koha item type Public note
    Universal Decimal Classification     General Fundamental Scientific Library Fundamental Scientific Library 22/12/2016   PII/577544 FL0095573 22/12/2016 22/12/2016 Գրքեր / Books 30 Days Loan
    Universal Decimal Classification     General Fundamental Scientific Library Fundamental Scientific Library 22/12/2016   PII/581519 FL0087459 22/12/2016 22/12/2016 Գրքեր / Books 30 Days Loan
    Universal Decimal Classification     General Fundamental Scientific Library Fundamental Scientific Library 22/12/2016   РII/601110 120601110 22/12/2016 22/12/2016 Գրքեր / Books 30 Days Loan


ՀՀ ԳԱԱ հիմնարար գիտական գրադարան
ՀՀ,Երևան 0019
Մարշալ Բաղրամյան 24/6
հեռախոս:(374-10) 52-47-50
Հետադարձ կապ

All site content, except where otherwise noted, is licensed under a
Creative Commons License